000 01197nam a2200313 i 4500
003 DO-SdBNP
005 20250313134951.0
007 ta
008 240612s2024 dr ac 000 j spa d
020 _a9789945942347
040 _aDO-SdBNP
_bspa
_cBNPHU
_erda
041 _aspa
082 4 _aRD861.5
_bC965c
_222
100 1 _aCueto, Amarilis,
_d1963-
_eautor
_4aut.
_978041
245 1 0 _aCaleidoscopio en sepia :
_bpoesía /
_cAmarilis Cueto ; edición, Laura García de Lucas ; corrección, Rafael J. Rodríguez Pérez.
264 1 _aSanto Domingo, Republica Dominicana :
_bRío de Oro Editores,
_c2024.
300 _a165 páginas :
_bilustraciones, retratos ;
_c22 cm.
336 _atexto
_btxt
_2rdacontent
337 _asin mediación
_bn
_2rdamedia
338 _avolumen
_bnc
_2rdacarrier
500 _aIncluye datos biográficas de la autor en la solapa de la cubierta.
590 _aInventariado, 2024/ YL
650 4 _aPoesía dominicana
650 4 _aLiteratura dominicana
700 1 _aGarcía Lucas, Laura de,
_eeditor
_4ed.
_987189
700 1 _aRodríguez Pérez, Rafael J.,
_ecorrector
_4corr.
_943373
910 _aYLockward/Validado. Control de calidad MFF
942 _2ddc
_cLBS1
999 _c56832
_d56832